Riadenie IS/IT a informačnej bezpečnosti vo vybranom podniku diplomová práca

Saved in:
Bibliographic Details
Main Author: Horák, Marcel
Corporate Author: Fakulta podnikového manažmentu EU. Katedra informačného manažmentu
Other Authors: Bodiš, Miloš
Format: Book
Language:Slovak
Published: Bratislava 2021
Tags: Add Tag
No Tags, Be the first to tag this record!

MARC

LEADER 00000nbm a2200000 4500
001 0275810
005 20211123090854.7
041 0 |a slo 
044 |a SK 
245 1 0 |a Riadenie IS/IT a informačnej bezpečnosti vo vybranom podniku  |b diplomová práca  |c Marcel Horák ; školiteľ: Miloš Bodiš 
264 1 |a Bratislava  |c 2021 
300 |a 63 s. 
100 1 |a Horák, Marcel 
700 1 |a Bodiš, Miloš 
710 2 |a Fakulta podnikového manažmentu EU. Katedra informačného manažmentu